<?xml version="1.0" encoding="UTF-8"?>
<collection xmlns="http://www.loc.gov/MARC21/slim">
 <record>
  <leader>01089nam a22002657a 4500</leader>
  <controlfield tag="001">35033</controlfield>
  <controlfield tag="003">BD-DhAAL</controlfield>
  <controlfield tag="005">20190804113750.0</controlfield>
  <controlfield tag="008">190804t2017    bg ||||| |||| 00| 0 ben d</controlfield>
  <datafield tag="999" ind1=" " ind2=" ">
   <subfield code="c">41007</subfield>
   <subfield code="d">41007</subfield>
  </datafield>
  <datafield tag="020" ind1=" " ind2=" ">
   <subfield code="a">984813977X</subfield>
  </datafield>
  <datafield tag="040" ind1=" " ind2=" ">
   <subfield code="a">BD-DhAAL</subfield>
  </datafield>
  <datafield tag="082" ind1=" " ind2=" ">
   <subfield code="a">891.4436</subfield>
   <subfield code="2">23</subfield>
  </datafield>
  <datafield tag="100" ind1=" " ind2=" ">
   <subfield code="a">মুখোপাধ্যায়, শীর্ষেন্দু</subfield>
   <subfield code="9">33318</subfield>
  </datafield>
  <datafield tag="245" ind1=" " ind2=" ">
   <subfield code="a">দূরবীন /</subfield>
   <subfield code="c">শীর্ষেন্দু মুখোপাধ্যায়</subfield>
  </datafield>
  <datafield tag="246" ind1=" " ind2=" ">
   <subfield code="a">Durbin</subfield>
  </datafield>
  <datafield tag="260" ind1=" " ind2=" ">
   <subfield code="a">ঢাকা :</subfield>
   <subfield code="b">জ্যোৎস্না পাবলিশার্স,</subfield>
   <subfield code="c">২০১৭</subfield>
  </datafield>
  <datafield tag="300" ind1=" " ind2=" ">
   <subfield code="a">৫৯১ পৃষ্ঠা ;</subfield>
   <subfield code="c">২২ সে.মি.</subfield>
  </datafield>
  <datafield tag="500" ind1=" " ind2=" ">
   <subfield code="a">A novel</subfield>
  </datafield>
  <datafield tag="526" ind1=" " ind2=" ">
   <subfield code="a">AAL</subfield>
  </datafield>
  <datafield tag="541" ind1=" " ind2=" ">
   <subfield code="a">Development Book Agency</subfield>
   <subfield code="e">35033</subfield>
  </datafield>
  <datafield tag="650" ind1=" " ind2=" ">
   <subfield code="a">Bengali fiction.</subfield>
   <subfield code="9">33319</subfield>
  </datafield>
  <datafield tag="852" ind1=" " ind2=" ">
   <subfield code="a">Ayesha Abed Library</subfield>
   <subfield code="c">General Stacks</subfield>
  </datafield>
  <datafield tag="942" ind1=" " ind2=" ">
   <subfield code="2">ddc</subfield>
   <subfield code="c">BK</subfield>
  </datafield>
  <datafield tag="952" ind1=" " ind2=" ">
   <subfield code="0">0</subfield>
   <subfield code="1">0</subfield>
   <subfield code="2">ddc</subfield>
   <subfield code="4">0</subfield>
   <subfield code="6">891_443600000000000_MUK</subfield>
   <subfield code="7">0</subfield>
   <subfield code="9">65884</subfield>
   <subfield code="a">BRACUL</subfield>
   <subfield code="b">BRACUL</subfield>
   <subfield code="c">GEN</subfield>
   <subfield code="d">2019-07-24</subfield>
   <subfield code="e">Development Book Agency</subfield>
   <subfield code="g">425.00</subfield>
   <subfield code="l">10</subfield>
   <subfield code="m">128</subfield>
   <subfield code="o">891.4436 MUK</subfield>
   <subfield code="p">3010035033</subfield>
   <subfield code="q">2026-06-02</subfield>
   <subfield code="r">2025-12-09</subfield>
   <subfield code="s">2025-12-09</subfield>
   <subfield code="t">1</subfield>
   <subfield code="v">425.00</subfield>
   <subfield code="w">2019-07-24</subfield>
   <subfield code="y">BK</subfield>
  </datafield>
 </record>
</collection>
